[Event "Arco Christmas op 3rd"]
[Site "Arco"]
[Date "2012.12.26"]
[Round "1"]
[White "Bevilacqua, Maurizio"]
[Black "Spornberger, Peter"]
[Result "1-0"]
[WhiteElo "2092"]
[BlackElo "1668"]
[PlyCount "83"]
[EventDate "2012.12.26"]
[EventType "swiss"]
[EventRounds "7"]
[EventCountry "ITA"]
[SourceTitle "CBM 152 Extra"]
[Source "ChessBase"]
[SourceDate "2013.02.25"]
[SourceVersion "1"]
[SourceVersionDate "2013.02.25"]
[SourceQuality "1"]

1. d4 Nf6 2. Nf3 d5 3. e3 e6 4. Bd3 c5 5. b3 cxd4 6. exd4 Bb4+ 7. c3 Bd6 8. 0-0 0-0 9. Bg5 h6 10. Bh4 Nc6 11. Re1 Be7 12. a4 b6 13. b4 Bb7 14. a5 a6 15. axb6 Nd7 16. Bg3 Nxb6 17. Nbd2 Bd6 18. Qe2 Bxg3 19. hxg3 Qc8 20. Nb3 Nd7 21. g4 Ne7 22. Nc5 Nxc5 23. bxc5 a5 24. Qe3 Re8 25. g5 h5 26. g6 Nxg6 27. Bxg6 fxg6 28. Qg5 Qd8 29. Qxg6 Qf6 30. Qxh5 Re7 31. Re3 g6 32. Qe5 Qxe5 33. Nxe5 Kg7 34. Rg3 a4 35. Nxg6 Rc7 36. Ne5+ Kf6 37. Ra3 Bc6 38. f4 Be8 39. Kf2 Kf5 40. Ke3 Rb8 41. Rg8 Rcb7 42. Rf8+ 1-0